Normal view
MARC view
- Organizational behavior
Entry Topical Term
001 - CONTROL NUMBER
- control field: 12458
003 - CONTROL NUMBER IDENTIFIER
- control field: NUST
005 - DATE AND TIME OF LATEST TRANSACTION
- control field: 20181030113634.0
008 - FIXED-LENGTH DATA ELEMENTS
- fixed length control field: 181030|| aca||aabn | a|a d
040 ## - CATALOGING SOURCE
- Original cataloging agency: NUST
- Transcribing agency: NUST
150 ## - HEADING--TOPICAL TERM
- Topical term or geographic name entry element: Organizational behavior
- Form subdivision: Cross-cultural studies.
670 ## - SOURCE DATA FOUND
- Source citation: Work cat.: (NUST)0: Adler, Nancy J. 12457, International dimensions of organizational behavior /, c2002.
